Alpha and Omega : (Record no. 5264)

MARC details
000 -LEADER
fixed length control field 00638nam a22001817a 4500
003 - CONTROL NUMBER IDENTIFIER
control field OSt
005 - DATE AND TIME OF LATEST TRANSACTION
control field 20251029022013.0
008 - FIXED-LENGTH DATA ELEMENTS--GENERAL INFORMATION
fixed length control field 251029b |||||||| |||| 00| 0 eng d
040 ## - CATALOGING SOURCE
Original cataloging agency DWCL - Main Lib
Transcribing agency OC
082 ## - DEWEY DECIMAL CLASSIFICATION NUMBER
Classification number GR 220.9 W582al 1993 V.1
100 ## - MAIN ENTRY--PERSONAL NAME
Personal name White, Ellen G.
245 ## - TITLE STATEMENT
Title Alpha and Omega :
Remainder of title The origin of mankind the birth and deliverance of Israel. The beginning of the wanderings in the wilderness /
Statement of responsibility, etc. Ellen G. White
260 ## - PUBLICATION, DISTRIBUTION, ETC.
Place of publication, distribution, etc. Philippines :
Name of publisher, distributor, etc. The Ellen G. White pub.,
Date of publication, distribution, etc. c1993.
300 ## - PHYSICAL DESCRIPTION
Extent 348 p.:
Other physical details ill.;
Dimensions 23 cm.
490 ## - SERIES STATEMENT
Volume/sequential designation Volume 1
International Standard Serial Number 971-581-004-7 (set)
700 ## - ADDED ENTRY--PERSONAL NAME
Personal name Ellen G. White
942 ## - ADDED ENTRY ELEMENTS (KOHA)
Source of classification or shelving scheme Dewey Decimal Classification
Koha item type General Reference
Call number suffix GR
Suppress in OPAC No
952 ## - LOCATION AND ITEM INFORMATION (KOHA)
--
Holdings
Withdrawn status Lost status Source of classification or shelving scheme Damaged status Not for loan Home library Current library Shelving location Date acquired Source of acquisition Total Checkouts Full call number Barcode Date last seen Price effective from Koha item type Uniform Resource Identifier
    Dewey Decimal Classification     Junior High School Library Junior High School Library General Reference 10/29/2025 School Fund   GR 220.9 W582al 1993 V.1 JHS - 10854 10/29/2025 10/29/2025 GR